000 00851nam a2200289 i 4500
003 EG-GICUC
005 20260427101953.0
008 260427s1909 ua aooafr|||| 000 0 eng d
040 _aEG-GiCUC
_beng
_cEG-GiCUC
_dEG-GiCUC
_erda
041 0 _aeng
082 0 4 _221
_a343.6
_bAD . I
092 0 4 _221
099 _aLaw1 10 343.6 AD . I 1 ed - 1909
100 1 _a Adam, H. L,
_eAuthor.
245 _aThe Indian criminal /
_c by H. L. Adam.
264 _a London :
_bJohn Milne,
_c1909.
300 _a 313pages :
_bphotographs;
_c24 cm
336 _2rda content
_atext
337 _2rda media
_aComputer
338 _2rda carrier
_aOnline Resource
546 _aText in English
650 1 4 _aCriminal law.
_2qrmak
651 1 _2qrmak
856 4 0 _uhttps://fll.law.cu.edu.eg/fulltext/bks/B10-11036.pdf
905 _a171
942 _2ddc
_cBK
_e21
_n0
999 _c73602
_d73602